El Cultiu de la qualitat humana : programa d'activitats 2015-2016 / programa d'activitats 2015-2016 /
Descripción Física:
14 pàgines : il·lustracions ; 21 cm
Materias:
Centre d'Estudi de les Tradicions de Saviesa
; Centre d'Estudi de les Tradicions de Saviesa -- Activitats culturals
Idioma:
Catalán
MARC
| LEADER | 00000nam a22000007a 4500 | ||
|---|---|---|---|
| 008 | 220513b spa||||| |||| 00| 0 cat d | ||
| 080 | |a FU-68-83 | ||
| 110 | 2 | |9 52912 |a Centre d'Estudi de les Tradicions de Saviesa | |
| 245 | 0 | 3 | |a El Cultiu de la qualitat humana : |b programa d'activitats 2015-2016 / |c CeTR |
| 260 | |a Barcelona : |b CETR, |c 2015 | ||
| 300 | |a 14 pàgines : |b il·lustracions ; |c 21 cm | ||
| 610 | 2 | 0 | |9 52912 |a Centre d'Estudi de les Tradicions de Saviesa |
| 610 | 2 | 0 | |9 52913 |a Centre d'Estudi de les Tradicions de Saviesa |x Activitats culturals |
| 942 | |2 udc |n 1 | ||
| 952 | |0 0 |1 0 |4 0 |6 FU6883 |7 1 |9 61663 |a Arxiu |b Arxiu |d 2022-05-13 |l 0 |o FU-68-83 |p 25478 |r 2022-05-13 00:00:00 |w 2022-05-13 |y ARXIU | ||
| 999 | |c 81557 |d 81557 | ||